Pays les plus chauves - Statistiques

Statistiques générales
  • Ce quiz a été pris 149 fois
  • Le résultat moyen est 9 sur 15
Statistiques - réponses
Pourcentge de chauve Pays % Correct
44.25% France
100%
42.68% Etats-Unis
94%
44.50% Espagne
91%
41.51% Allemagne
90%
44.37% Italie
81%
40.09% Royaume-Uni
78%
40.94% Canada
66%
39.75% Mexique
63%
40.03% Turquie
61%
40.80% Australie
51%
40.75% Norvège
33%
40.19% Nouvelle Zelande
33%
40.90% Republique Tchèque
29%
41.32% Croatie
23%
39.75% Arabie Saoudite
17%
Aucun quiz correspondant
Distribution des résultats
% des personnes avec chaque résultat
Percentile par nombre de réponses
Votre historique - résultats
Vous n’avez pas pris ce quiz